LEADER 01033naa a2200229 u 4500 001 000000096447 003 CaOOAMICUS 005 20070226130146.0 008 041013s1993 gw u000 u ger u 020 $a3777293210 035 $a11011422 040 $aIAR$bita 100 1 $aSchieffer, Rudolf,$d1947-$0(OLS)http://pul/name/20749 245 10$aKarolingische Töchter /$cRudolf Schieffer. 260 $aStuttart :$bHiersemann,$c1993. 300 $aS. 125-140 ;$c25 cm 773 0 $aHerrschaft, Kirche, Kultur : Beoträge zur Geschichte des Mittelalters - Festschrift für Friedrich Prinz zu seinem 65. Geburtstag. 773 0 $tMonographien zur Geschichte des Mittelalters$gBd. 37 773 0 $tHerrschaft, Kirche, Kultur : Beiträge zur Geschichte des Mittelalters : Festschrift für Friedrich Prinz zu seinem 65. Geburtstag$w()17106 996 $6020$a3777293210$9(OLS)http://pul/number/21996 996 $6245$aKarolingische Töchter$9(OLS)http://pul/title/123323 996 $6260$aStuttart :$bHiersemann$9(OLS)http://pul/publisher/55243 LEADER 01672nam a2200325 a 4500 001 000000152103 003 CaOOAMICUS 005 20160606094847.0 008 160606s2013 gw u000 u ger r 020 $a9783451326165* 032 $aLibriCat 040 $aPUL$bita 100 1 $aSpiegelhalter, Eva-Maria.$0(OLS)http://pul/name/96793 245 10$aObjektiv evident? :$bDie Wahrnehmbarkeit der Christusgestalt im Denken Hans Urs von Balthasars und Hansju?rgen Verweyens /$cEva-Maria Spiegelhalter. 260 $aFreiburg ;$aBasel ;$aWien :$bHerder,$c2013. 300 $a391 p. ;$c23 cm. 490 1 $aFreiburger theologische Studien ;$vBd. 177 500 $aNumero di collana 177, già attribuito al volume precedente. 504 $aBibliografia p. 377-391. 600 14$aVerweyen, Hansjürgen,$d1936-$xTeologia.$0(OLS)http://pul/subject/26422 600 14$aBalthasar, Hans Urs von,$ccard.,$d1905-1988$xCritica e interpretazione.$0(OLS)http://pul/subject/2139 650 4$aTeoria della conoscenza$xCritica e interpretazione.$0(OLS)http://pul/subject/23008 830 0$aFreiburger theologische Studien ;$vBd 177.$0(OLS)http://pul/title/2244 850 $aPUL 852 $aPUL$W1$xSL Religione 1$y3$m72 E 178$j174850$qStampati$B177405$CPULBib$Z2$F177405 $H127852 $81 941 1 $a8 996 $6020$a9783451326165*$9(OLS)http://pul/number/160483 996 $6245$aObjektiv evident? :$bDie Wahrnehmbarkeit der Christusgestalt im Denken Hans Urs von Balthasars und Hansju?rgen Verweyens$9(OLS)http://pul/title/191465 996 $6260$aFreiburg ;$aBasel ;$aWien :$bHerder$9(OLS)http://pul/publisher/48104